Fireplace design and construction (Record no. 94488)

MARC details
000 -LEADER
fixed length control field 00439cam a2200181 4500
001 - CONTROL NUMBER
control field D1176
008 - FIXED-LENGTH DATA ELEMENTS--GENERAL INFORMATION
fixed length control field 090401t1984 xxu||||| |||| 00| 0 eng d
035 ## - SYSTEM CONTROL NUMBER
System control number (Sirsi) u62854
041 ## - LANGUAGE CODE
Language code of text/sound track or separate title eng
050 ## - LIBRARY OF CONGRESS CALL NUMBER
Classification number 697.1
100 ## - MAIN ENTRY--PERSONAL NAME
Personal name Baden-Powell, Charlotte
245 ## - TITLE STATEMENT
Title Fireplace design and construction
260 ## - PUBLICATION, DISTRIBUTION, ETC.
Place of publication, distribution, etc. London
Name of publisher, distributor, etc. George Godwin
Date of publication, distribution, etc. 1984
300 ## - PHYSICAL DESCRIPTION
Extent viii. 168p. illus. 24cm
350 ## - PRICE (NR) (BK AM CF MU VM SE) [OBSOLETE]
Price 19.5
942 ## - ADDED ENTRY ELEMENTS (KOHA)
Suppress in OPAC 0
948 ## - LOCAL PROCESSING INFORMATION (OCLC); SERIES PART DESIGNATOR (RLIN)
c (OCLC) 04/03/1997
Holdings
Withdrawn status Lost status Source of classification or shelving scheme Damaged status Not for loan Home library Current library Shelving location Date acquired Cost, normal purchase price Total Checkouts Full call number Barcode Date last seen Date last checked out Copy number Cost, replacement price Price effective from Koha item type
    Dewey Decimal Classification     London London Books 14/09/1999 19.50 3 697.1 30023898 06/08/2019 14/03/2006 1 19.50 06/08/2019 Book